Citlivé rozhodovanie

Problematika priznávania invalidného dôchodku. Zákonom stanovený spôsob určenia sumy dôchodkovej dávky. Tri podmienky nároku na invalidný dôchodok. Posudzovanie invalidity. Opravné prostriedky podané proti rozhodnutiu Sociálnej poisťovne.

Uložené v:
Podrobná bibliografia
Hlavný autor: Šümeghyová, Silvia
Médium: Kapitola
Jazyk:Slovak
Predmet:
Tagy: Pridať tag
Žiadne tagy, Buďte prvý, kto otaguje tento záznam!

MARC

LEADER 00000naa$a2200000$$$4500
001 0086093
005 20230925075016.0
041 0 |a slo 
044 |a SK 
245 1 0 |a Citlivé rozhodovanie  |c Silvia Šümeghyová 
520 |a Problematika priznávania invalidného dôchodku. Zákonom stanovený spôsob určenia sumy dôchodkovej dávky. Tri podmienky nároku na invalidný dôchodok. Posudzovanie invalidity. Opravné prostriedky podané proti rozhodnutiu Sociálnej poisťovne. 
610 2 0 |a invalidita 
610 2 0 |a poistenie sociálne 
610 2 0 |a poistenie invalidné 
610 2 0 |a dôchodky invalidné 
610 2 0 |a legislatíva 
610 2 0 |a poisťovne sociálne 
100 1 |a Šümeghyová, Silvia